| 000 | 01568nam a2200301 i 4500 | ||
|---|---|---|---|
| 003 | DO-SdBNP | ||
| 005 | 20250506100419.0 | ||
| 007 | ta | ||
| 008 | 231108b2002 dr ||||| |||| 00| 0 spa d | ||
| 020 | _a9993490032 | ||
| 040 |
_aDO-SdBNP _bspa _cBNPHU _erda |
||
| 082 | 4 |
_a972.93053 _bA451u _222 |
|
| 100 |
_aAlmoina, José, _d1903-1960 _91865 _eautor |
||
| 245 | 1 | 0 |
_aUna satrapía en el Caribe / _cJosé Almoina. |
| 264 |
_aSanto Domingo : _bLetra Gráfica, _c2002. |
||
| 300 |
_a215 páginas ; _c23 cm. |
||
| 336 |
_2rdacontent _atexto _btxt |
||
| 337 |
_2damedia _asin mediación _bn |
||
| 338 |
_2rdacarrier _avolumen _bnc |
||
| 490 | _aHistoria | ||
| 500 | _aIncluye índice onomástico | ||
| 505 | 0 |
_aPresentación a la edición dominicana -- _tAclaración importante -- _tDedicatoria -- _tAdvertencia indispensable -- _tLa familia de Trujillo -- _tLa familia de Chapita -- _tLos que rodean al sátrapa: alcahuetes, bufones, lacayos y aduladores -- _tTretas de que se valió el megalomaníaco Trujillo para captar el poder -- _t¿Cómo se sostiene el sátrapa? -- _tLa ferocidad más que neroniana del mulato Chapita -- _tInexistencia de los poderes legislativo y judicial y trasiegos burocráticos -- _tUn régimen monopolista -- _tLa política internacional del tirano -- _tDocumentos y noticias corroborantes -- _tÍndice onomástico. |
|
| 590 | _aInventariado, 2023/BT | ||
| 600 | 1 | 0 |
_aTrujillo Molina, Rafael Leónidas, _d1891-1961 |
| 651 | 4 |
_aRepública Dominicana _xPolítica y gobierno _yEra de Trujillo, 1930-1961 _91374 |
|
| 910 | _aBtavárez | ||
| 942 |
_2ddc _cLBS1 |
||
| 999 |
_c55423 _d55423 |
||